| 000 | 00810nas1a22002651i 4500 | ||
|---|---|---|---|
| 001 | RU\NLR\INFOCOMM_23\5000068801 | ||
| 005 | 20240723095627.0 | ||
| 035 | _a(NLR Aleph) 003312296 | ||
| 090 |
_a4422193 _c4422193 |
||
| 100 | _a20050504c1922 |||y0rusy50 ba | ||
| 101 | 0 | _afre | |
| 102 | _aRU | ||
| 110 | _azyuz|||0|y| | ||
| 200 | 1 |
_aAnnales de roentgenologie et radiologie _eJournal de l'Institut d'Etat de roentgenologie et radiologie à Pétersburg _fRédacteur en chef. Prof. M. Nemenow |
|
| 210 |
_aPétersburg _d1922- |
||
| 702 | 1 |
_aNemenow _bM. _4340 |
|
| 801 | 1 |
_aRU _bInfoComm _c20050504 |
|
| 801 | 0 |
_aRU _bNLR _gPSBO |
|
| 852 |
_aNLR _j26.XVb.2.14 |
||
| 852 |
_aNLR _jP.524 |
||
| 942 | _cSE | ||
| 980 | _aINPER | ||